[Event "Copa ENTEL"]
[Site "Santiago CHI"]
[Date "2004.03.25"]
[Round "7"]
[White "Velasquez,C"]
[Black "Rojas,L"]
[Result "0-1"]
[WhiteElo "2359"]
[BlackElo "2408"]
[EventDate "2004.03.22"]

1. c4 Nf6 2. g3 g6 3. Nc3 d5 4. Bg2 d4 5. Nd5 Bg7 6. Nxf6+ Bxf6 7. d3 O-O
8. Nf3 Bd7 9. Bh6 Re8 10. b4 e5 11. Nd2 Bc6 12. Ne4 Bg7 13. Bxg7 Kxg7 14.
b5 Bxe4 15. Bxe4 c6 16. a4 Qd6 17. O-O Nd7 18. Bg2 Nc5 19. Qc2 f5 20. Rfb1
Kg8 21. a5 e4 22. bxc6 bxc6 23. a6 Re7 24. Ra5 Rae8 25. Bf1 h5 26. Qc1 e3
27. f4 Nxd3 28. exd3 e2 29. Bxe2 Rxe2 30. Re5 R8xe5 31. fxe5 Qxe5 32. Qg5
Re1+ 33. Rxe1 Qxe1+ 34. Kg2 Qe2+ 35. Kg1 Qe3+ 36. Qxe3 dxe3 37. h4 g5 38.
hxg5 f4 39. gxf4 h4 0-1

[Event "Copa ENTEL"]
[Site "Santiago CHI"]
[Date "2004.03.25"]
[Round "7"]
[White "Zambrana,O"]
[Black "Arancibia,E"]
[Result "1-0"]
[WhiteElo "2404"]
[BlackElo "2405"]
[EventDate "2004.03.22"]

1. e4 c5 2. Nf3 e6 3. d4 cxd4 4. Nxd4 a6 5. c4 Nf6 6. Nc3 Bb4 7. Nc2 Bxc3+
8. bxc3 Nxe4 9. Qg4 f5 10. Qxg7 Qf6 11. Qxf6 Nxf6 12. Ba3 Rg8 13. f3 Kf7
14. Kf2 Ne8 15. c5 Nc6 16. Be2 Na5 17. Rhd1 Kf6 18. Ne3 Rg6 19. Rab1 Nc7
20. Bc1 Rg8 21. a4 Ne8 22. Ba3 Nc7 23. Rd4 Rg7 24. Rh4 Kf7 25. Bb2 Kf8 26.
c4 Rf7 27. f4 Ne8 28. Bh5 Re7 29. g4 fxg4 30. Rg1 Ng7 31. Bxg4 Nb3 32. Rxh7
Rf7 33. Rxg7 1-0

[Event "Copa ENTEL"]
[Site "Santiago CHI"]
[Date "2004.03.25"]
[Round "7"]
[White "Vasquez,R"]
[Black "Cubas,Jo"]
[Result "1-0"]
[WhiteElo "2523"]
[BlackElo "2394"]
[EventDate "2004.03.22"]

1. e4 e6 2. d4 d5 3. Nd2 c5 4. exd5 Qxd5 5. dxc5 Qxc5 6. Ngf3 Nf6 7. Bd3
Nc6 8. O-O Be7 9. a3 Ne5 10. Nxe5 Qxe5 11. Re1 Qc7 12. Qf3 Bd7 13. Nc4 Bc6
14. Qg3 Qxg3 15. hxg3 O-O-O 16. Be3 Kb8 17. Bf4+ Ka8 18. Rad1 Nd5 19. Bd2
Bf6 20. Ne5 Bxe5 21. Rxe5 Nb6 22. Ba5 Nc4 23. Bxd8 Nxe5 24. Be2 Kb8 25. Be7
Nd7 26. f3 Nb6 27. Bb4 f6 28. Kf2 e5 29. Bd6+ Ka8 30. Bb4 Kb8 31. b3 Nd5
32. Bd6+ Ka8 33. Bc4 Nb6 34. Be2 Nd5 35. Bb4 Nxb4 36. axb4 Rc8 37. b5 Be8
38. c4 Kb8 39. Ke3 Kc7 40. Ra1 Kb8 41. f4 Bg6 42. Ra2 Re8 43. Kd2 Be4 44.
Bf1 f5 45. Kc3 exf4 46. gxf4 Rd8 47. Ra1 Rd6 48. Be2 Rg6 49. Bf3 Bxf3 50.
gxf3 Rg3 51. Rf1 h5 52. Kd4 h4 53. Ke5 h3 54. Kxf5 h2 55. Rh1 Rg2 56. c5
Kc7 57. Ke6 Re2+ 58. Kf7 Rg2 59. f5 a6 60. bxa6 bxa6 61. b4 Kc6 62. f4 Kd5
63. f6 gxf6 64. Kxf6 Kc4 65. c6 Kb5 66. c7 Rc2 67. Rxh2 Rc6+ 68. Ke5 Kxb4
69. Rb2+ Kc3 70. Rb7 a5 71. Kd5 Rc4 72. Rb1 1-0

[Event "Copa ENTEL"]
[Site "Santiago CHI"]
[Date "2004.03.25"]
[Round "8"]
[White "Llorens,M"]
[Black "Leitao,R"]
[Result "1/2-1/2"]
[WhiteElo "2384"]
[BlackElo "2566"]
[EventDate "2004.03.22"]

1. e4 c5 2. Nf3 d6 3. d4 cxd4 4. Nxd4 Nf6 5. Nc3 a6 6. Bg5 e6 7. f4 Qc7 8.
Bxf6 gxf6 9. Qd2 Nc6 10. Nb3 h5 11. O-O-O Bd7 12. Kb1 O-O-O 13. Be2 Kb8 14.
Bf3 Na5 15. Qd4 Be7 16. f5 Nc4 17. h4 Rc8 18. Rc1 Bf8 19. Be2 Bh6 20. Rcf1
Ne3 21. Rf3 Nxg2 22. Qf2 Nf4 23. Rxf4 Bxf4 24. Qxf4 b5 25. a3 a5 26. Qd2
Qb6 27. Rd1 a4 28. Qd4 Kb7 29. Qxb6+ Kxb6 30. Nd4 Rc5 31. Rg1 Rh7 32. Rg8
Rc8 33. Rxc8 Bxc8 34. Ndxb5 exf5 35. Nxd6 fxe4 36. Nxc8+ Kc7 37. Nxe4 Kxc8
38. Nxf6 Rh6 39. Nxh5 Kc7 40. b3 axb3 41. cxb3 Re6 42. Bc4 Re1+ 43. Kc2 Rh1
44. Bxf7 Rxh4 45. a4 Kb6 46. Kb2 Kc5 47. Ka3 Rh3 48. Nf6 Rf3 49. Ne4+ Kd4
50. Bg6 Rf1 51. Nd6 Rf6 52. Nb5+ Kc5 53. Bd3 Rf3 54. Bc4 Rg3 55. Nc7 Kb6
56. Nd5+ Ka5 57. Nf4 Rf3 58. Nd3 Kb6 59. b4 Rf5 60. Nc5 Rf3+ 61. Nb3 Rf4
62. a5+ Kc7 63. Bb5 Rf5 64. Nc5 Rf2 65. Ba4 Rf5 66. Bc2 Rf2 67. Be4 Rh2 68.
Ka4 Rh6 69. Kb5 Kb8 70. Kc4 Ka7 71. b5 Rd6 72. Bc6 Kb8 73. Nd7+ Ka7 74. Kc5
Rd5+ 1/2-1/2

[Event "Copa ENTEL"]
[Site "Santiago CHI"]
[Date "2004.03.25"]
[Round "8"]
[White "Arancibia,E"]
[Black "Vasquez,R"]
[Result "1/2-1/2"]
[WhiteElo "2405"]
[BlackElo "2523"]
[EventDate "2004.03.22"]

1. d4 Nf6 2. Nf3 d6 3. c4 g6 4. Nc3 Bg7 5. Bg5 h6 6. Bh4 g5 7. Bg3 Nh5 8.
e3 Nxg3 9. hxg3 e6 10. Be2 Nd7 11. g4 a6 12. Qc2 Qe7 13. O-O-O Rb8 14. Ne4
b6 15. Ng3 Nf6 16. Nd2 b5 17. c5 Nd5 18. Nh5 Kf8 19. Kb1 Nf6 1/2-1/2

[Event "Copa ENTEL"]
[Site "Santiago CHI"]
[Date "2004.03.25"]
[Round "8"]
[White "Panno,O"]
[Black "Zambrana,O"]
[Result "1-0"]
[WhiteElo "2485"]
[BlackElo "2404"]
[EventDate "2004.03.22"]

1. Nf3 Nf6 2. c4 e6 3. g3 b6 4. Bg2 Bb7 5. O-O Be7 6. b3 O-O 7. Bb2 d5 8.
e3 c5 9. Qe2 Nc6 10. Rd1 Qc7 11. Nc3 Rad8 12. Rac1 Qb8 13. cxd5 exd5 14. d4
Rfe8 15. dxc5 Bxc5 16. Na4 Be7 17. Nd4 Nxd4 18. Bxd4 Ne4 19. Nc3 Bf6 20.
Qb2 h6 21. Nxe4 Bxd4 22. Rxd4 dxe4 23. Rcd1 Qc7 24. h4 Rxd4 25. Qxd4 Qe7
26. Qa4 Bc8 27. Qxe4 Qxe4 28. Bxe4 Rxe4 29. Rd8+ Kh7 30. Rxc8 Re7 31. Kf1
h5 32. Ke2 Kg6 33. a4 f6 34. f3 Rd7 35. Rc4 Kf7 36. Rd4 Rc7 37. Kd2 Ke6 38.
e4 g6 39. Rc4 Rd7+ 40. Ke2 Ke7 41. Rc6 Rb7 42. e5 1-0

[Event "Copa ENTEL"]
[Site "Santiago CHI"]
[Date "2004.03.25"]
[Round "8"]
[White "Rojas,L"]
[Black "Valenzuela Fuentealba,L"]
[Result "1-0"]
[WhiteElo "2408"]
[BlackElo "2418"]
[EventDate "2004.03.22"]

1. e4 c5 2. Nf3 d6 3. d4 cxd4 4. Nxd4 Nf6 5. Nc3 a6 6. Bc4 e6 7. Bb3 b5 8.
O-O Be7 9. Qf3 Qc7 10. Qg3 O-O 11. Bh6 Ne8 12. Rad1 Bd7 13. a3 Nc6 14. Nxc6
Bxc6 15. f4 Kh8 16. Bg5 a5 17. f5 Bxg5 18. Qxg5 Nf6 19. fxe6 fxe6 20. Bxe6
b4 21. axb4 axb4 22. Nd5 Bxd5 23. Bxd5 Qc5+ 24. Kh1 Rac8 25. Qf4 Qxc2 26.
Qxd6 Qxb2 27. Be6 Rce8 28. e5 Qe2 29. h3 h6 30. Rde1 Qb5 31. exf6 Kh7 32.
Bd7 1-0

[Event "Copa ENTEL"]
[Site "Santiago CHI"]
[Date "2004.03.25"]
[Round "8"]
[White "Rodriguez,And URU"]
[Black "Velasquez,C"]
[Result "1-0"]
[WhiteElo "2485"]
[BlackElo "2359"]
[EventDate "2004.03.22"]

1. e4 c5 2. Nf3 d6 3. d4 cxd4 4. Nxd4 Nf6 5. Nc3 a6 6. g3 e5 7. Nde2 Be7 8.
Bg2 Nbd7 9. h3 h5 10. Be3 b5 11. Qd2 Bb7 12. a4 b4 13. Nd5 Bxd5 14. exd5
Rb8 15. O-O a5 16. b3 O-O 17. f4 Qc7 18. Rad1 Bd8 19. fxe5 dxe5 20. d6 Qc8
21. Kh1 Re8 22. Nc1 Bb6 23. Bxb6 Rxb6 24. Rxf6 gxf6 25. Be4 Kg7 26. Qe2 Rh8
27. g4 Qc3 28. Rd3 Qc5 29. Rd5 Qc3 30. Nd3 Qa1+ 31. Kh2 Qc3 32. gxh5 Rg8
33. Qg4+ Kf8 34. Qe2 Rc6 35. Rxa5 Qxc2 36. Ra8+ Kg7 37. Rxg8+ Kxg8 38. Qxc2
Rxc2+ 39. Kh1 Rc3 40. a5 Rxb3 41. a6 Ra3 42. Nxb4 Nc5 43. Bc6 Kg7 44. d7
Ne6 1-0

[Event "Copa ENTEL"]
[Site "Santiago CHI"]
[Date "2004.03.26"]
[Round "9"]
[White "Velasquez,C"]
[Black "Llorens,M"]
[Result "1/2-1/2"]
[WhiteElo "2359"]
[BlackElo "2384"]
[EventDate "2004.03.22"]

1. e4 c5 2. Nf3 Nc6 3. d4 cxd4 4. Nxd4 Nf6 5. Nc3 e6 6. Ndb5 d6 7. Bf4 e5
8. Bg5 a6 9. Bxf6 gxf6 10. Na3 b5 11. Nd5 Bg7 12. c3 f5 13. g3 O-O 14. Bg2
fxe4 15. Bxe4 f5 16. Bg2 Ra7 17. O-O f4 18. Qh5 Rf5 19. Qe2 Bf8 20. Nc2 Rg7
21. a4 bxa4 22. Rxa4 a5 23. Qc4 1/2-1/2

[Event "Copa ENTEL"]
[Site "Santiago CHI"]
[Date "2004.03.26"]
[Round "9"]
[White "Valenzuela Fuentealba,L"]
[Black "Rodriguez,And URU"]
[Result "1/2-1/2"]
[WhiteElo "2418"]
[BlackElo "2485"]
[EventDate "2004.03.22"]

1. d4 e6 2. c4 Nf6 3. Nf3 c5 4. d5 b5 5. Bg5 h6 6. Bxf6 Qxf6 7. Qc2 Na6 8.
e4 Nb4 9. Qd2 bxc4 10. Bxc4 Qg6 11. O-O Qxe4 12. Na3 Be7 13. Rae1 Qf5 14.
Re5 Qf6 15. d6 Bd8 16. Rxc5 a5 17. Nb5 Na6 18. Nc7+ Nxc7 19. dxc7 Be7 20.
Rxa5 Rxa5 21. Qxa5 Qxb2 22. Bd3 Qb4 23. Qa7 Qc5 24. Qxc5 Bxc5 25. Rc1 d6
26. Nd2 Ke7 27. a4 Bd7 28. Nb3 Bxa4 29. Nxc5 dxc5 30. Ba6 Bd7 31. Rxc5 Ra8
32. c8=Q Bxc8 33. Rxc8 Rxa6 34. g3 g5 35. Rh8 e5 36. g4 Rf6 37. Kg2 e4 38.
Rb8 Re6 39. Rb7+ Kf6 40. h3 Kg6 41. Rb5 h5 42. Rb3 Rf6 43. Rb4 Rf4 44. Rb6+
f6 45. Kg3 h4+ 46. Kg2 Kg7 47. Ra6 f5 48. Ra7+ Kg6 49. Rd7 1/2-1/2

[Event "Copa ENTEL"]
[Site "Santiago CHI"]
[Date "2004.03.26"]
[Round "9"]
[White "Zambrana,O"]
[Black "Rojas,L"]
[Result "1-0"]
[WhiteElo "2404"]
[BlackElo "2408"]
[EventDate "2004.03.22"]

1. e4 e6 2. d4 d5 3. Nd2 c5 4. Ngf3 Nf6 5. exd5 exd5 6. Bb5+ Bd7 7. Bxd7+
Nbxd7 8. O-O Be7 9. dxc5 Nxc5 10. Nd4 Qd7 11. Qf3 O-O 12. c3 Nfe4 13. N2b3
Na4 14. Qf5 Qd8 15. Rb1 Re8 16. Be3 Bd6 17. Qg4 Nf6 18. Qf3 Ne4 19. Rfd1
Rc8 20. Nf5 Be5 21. g3 Re6 22. Rd3 Bf6 23. Bd4 g6 24. Ne3 Bxd4 25. Rxd4 Rf6
26. Qg2 Rxf2 27. Qxe4 Rxb2 28. Nxd5 Rxb1+ 29. Qxb1 Nb6 30. Qe4 Nxd5 31.
Rxd5 Qb6+ 32. Qd4 Qe6 33. Rd8+ Rxd8 34. Qxd8+ Kg7 35. Qd4+ Kg8 36. Qd2 b6
37. Nd4 Qc4 38. Nf3 h6 39. Ne5 Qe4 40. Nd7 Qe6 41. a4 h5 42. h4 Qe7 43. Kf2
Qe6 44. Qd5 Qe7 45. Qd4 Qe6 46. Nf6+ Kf8 47. Nd5 Kg8 48. Kf3 Qf5+ 49. Ke3
Qf1 50. Nf6+ Kf8 51. Ne4 Kg8 52. Qf6 Qe1+ 53. Kf4 Qc1+ 54. Ke5 Qe3 55. Qd8+
Kg7 56. Qd4 Qe1 57. Kd6+ Kg8 58. Nf6+ Kf8 59. Nd7+ Kg8 60. Qe5 Qf2 61. Ke7
1-0

[Event "Copa ENTEL"]
[Site "Santiago CHI"]
[Date "2004.03.26"]
[Round "9"]
[White "Vasquez,R"]
[Black "Panno,O"]
[Result "1-0"]
[WhiteElo "2523"]
[BlackElo "2485"]
[EventDate "2004.03.22"]

1. e4 c5 2. Nf3 Nc6 3. d4 cxd4 4. Nxd4 Nf6 5. Nc3 g6 6. Nxc6 bxc6 7. e5 Nh5
8. Bc4 Ng7 9. Qf3 Ne6 10. Bxe6 fxe6 11. O-O Qa5 12. Re1 Bg7 13. Qf4 Rb8 14.
Bd2 Qc7 15. b3 d6 16. exd6 exd6 17. Ne4 Be5 18. Nf6+ Bxf6 19. Qxf6 Rf8 20.
Qc3 Rb5 21. Bh6 Rc5 22. Qg3 Rff5 23. c4 Rce5 24. Rxe5 dxe5 25. Rd1 c5 26.
Bg5 Bd7 27. h4 Qc6 28. Qd3 h5 29. Qd2 Qc7 30. Qd3 1-0

[Event "Copa ENTEL"]
[Site "Santiago CHI"]
[Date "2004.03.26"]
[Round "9"]
[White "Leitao,R"]
[Black "Cubas,Jo"]
[Result "1-0"]
[WhiteElo "2566"]
[BlackElo "2394"]
[EventDate "2004.03.22"]

1. e4 e6 2. d4 d5 3. e5 c5 4. c3 Nc6 5. Nf3 Nge7 6. a3 c4 7. g3 Na5 8. Nbd2
Bd7 9. Bg2 Bc6 10. O-O Qd7 11. Qe2 Ba4 12. h4 h6 13. h5 O-O-O 14. Nh4 Nec6
15. f4 Bc2 16. Nxc4 Nb3 17. Be3 Nxa1 18. Rxa1 Bh7 19. Nd2 Be7 20. Nhf3 g6
21. b4 gxh5 22. Nb3 Rdg8 23. b5 Nd8 24. Kh2 Be4 25. Nbd2 Bf5 26. c4 h4 27.
gxh4 Rxg2+ 28. Kxg2 Rg8+ 29. Kh2 Rg4 30. Rg1 Bxh4 31. Rxg4 Bxg4 32. Qg2
Bxf3 33. Nxf3 Be7 34. Qc2 dxc4 35. Qxc4+ Qc7 36. Qb3 Bf8 37. a4 b6 38. d5
Qb7 39. Qc2+ Kd7 40. Qc6+ Nxc6 41. dxc6+ Qxc6 42. bxc6+ Kxc6 43. Nd4+ Kd5
44. Nb5 Ke4 45. Bc1 a6 46. Nd6+ Kd3 47. Nxf7 Be7 48. Nd6 b5 49. axb5 axb5
50. Nxb5 Ke4 51. Kg3 h5 52. Nd6+ 1-0

[Event "Copa ENTEL"]
[Site "Santiago CHI"]
[Date "2004.03.27"]
[Round "10"]
[White "Llorens,M"]
[Black "Cubas,Jo"]
[Result "1/2-1/2"]
[WhiteElo "2384"]
[BlackElo "2394"]
[EventDate "2004.03.22"]

1. e4 e6 2. d4 d5 3. Nc3 Nf6 4. e5 Nfd7 5. f4 c5 6. Nf3 Nc6 7. Be3 a6 8. a3
b5 9. dxc5 Bxc5 10. Bxc5 Nxc5 11. b4 Nd7 12. Ne2 Qc7 13. Qd3 Nb6 14. Ned4
Nxd4 15. Qxd4 Bd7 16. Bd3 Rc8 17. O-O Na4 18. f5 exf5 19. e6 fxe6 20. Qxg7
Rf8 21. Rae1 Rf7 22. Qg8+ Ke7 23. Qg5+ Rf6 24. Ne5 Rcf8 25. Qg7+ Kd8 26.
Qxh7 Be8 27. Qh4 Qe7 28. Qd4 Kc8 29. Nf3 Qc7 30. Ng5 Rh6 31. Re5 Bd7 32.
Qe3 Qb6 33. Qxb6 Nxb6 34. Rfe1 Rff6 35. Nf3 Kc7 36. Nd4 Nc8 37. Nb3 Ne7 38.
Nc5 Bc8 39. c3 Nc6 40. R5e2 e5 41. Rxe5 Nxe5 42. Rxe5 f4 43. Re7+ Kd8 44.
Re5 f3 45. Rxd5+ Kc7 46. gxf3 Rxf3 47. Rg5 Rhf6 48. h4 Rh3 49. Be2 Rxh4 50.
Rg7+ Kb8 51. Rg8 Kc7 52. Rg7+ Kb8 53. Rg8 Rfh6 54. Bf3 Kc7 55. Rg7+ Kb8 56.
Rg8 Kc7 57. Rg7+ Kd6 58. Kf2 a5 59. Ke3 axb4 60. axb4 Rh3 61. Ne4+ Ke5 62.
Ng5 Kf6 63. Rg8 Be6 64. Nxe6 Kxe6 65. Rb8 Rf6 66. Rb6+ Ke7 67. Rxf6 Kxf6
68. Ke4 Ke7 69. Be2 Rxc3 70. Bxb5 Rb3 71. Kd5 Rxb4 72. Bc4 Rb1 73. Be2 Rb2
74. Bf3 Rf2 75. Bg4 Rg2 76. Bf3 Rg5+ 77. Ke4 Ke6 78. Bd1 Re5+ 79. Kf4 Rb5
80. Bg4+ Kf6 81. Ke4 Rb4+ 82. Kf3 Ke5 83. Bd7 Rb3+ 84. Kg4 Rb7 85. Bc6 Rc7
86. Bb5 Rf7 87. Kg3 Rf8 88. Bc6 Rb8 89. Bd7 Rb1 90. Bc6 Rg1+ 91. Kf3 Rf1+
92. Kg4 Rf4+ 93. Kg3 Kf5 94. Bd7+ Kg5 95. Bc6 Rc4 96. Bd5 Rc3+ 97. Kf2 Kf4
98. Ke2 Ke5 99. Bf7 Kd4 100. Bg6 Rg3 1/2-1/2

[Event "Copa ENTEL"]
[Site "Santiago CHI"]
[Date "2004.03.27"]
[Round "10"]
[White "Rojas,L"]
[Black "Vasquez,R"]
[Result "0-1"]
[WhiteElo "2408"]
[BlackElo "2523"]
[EventDate "2004.03.22"]

1. e4 c5 2. Nf3 d6 3. d4 cxd4 4. Nxd4 Nf6 5. Nc3 a6 6. h3 e5 7. Nde2 Qa5 8.
Bd2 Qc7 9. g4 h6 10. Bg2 b5 11. a3 Bb7 12. Ng3 Nbd7 13. O-O Nc5 14. Qf3 Ne6
15. Be3 Qd8 16. Rfd1 g6 17. Rd3 Be7 18. Rad1 Rc8 19. Qe2 Nd7 20. Nd5 Bxd5
21. Rxd5 Qc7 22. c3 Nb6 23. R5d3 Nc4 24. Nf1 Bg5 25. Qc2 Bxe3 26. Nxe3 Nxe3
27. fxe3 Rd8 28. Qd2 Ke7 29. Qf2 Kf8 30. Qf6 Rg8 31. Qh4 Kg7 32. Rf1 Ng5
33. Rd2 Qe7 34. Qg3 Rgf8 35. Rfd1 Kg8 36. Qf2 Ne6 37. Rd5 Nc7 38. R5d2 Kg7
39. Qg3 Rd7 40. Rf2 Ne6 41. Rfd2 Nc5 42. Rd5 Na4 43. R5d2 Nb6 44. Bf1 Rfd8
45. Kh2 Qe6 46. Bg2 Rb8 47. Rf2 Rbd8 48. Rdf1 Nc4 49. g5 hxg5 50. Qxg5 Rh8
51. Qg3 Qe7 52. Kg1 Qh4 53. Qf3 Qg5 54. Re1 Rh4 55. Kh2 Nb6 56. Rd1 Rh8 57.
Re1 Na4 58. Rd1 Nc5 59. Rd5 Qe7 60. Qd1 Qh4 61. Rf3 Nxe4 62. a4 bxa4 63.
Qxa4 Rb7 64. b4 Nxc3 65. Qc6 Nxd5 66. Qxb7 Nf6 67. Qxa6 Qxb4 68. Qf1 Qh4
69. Qa6 Qb4 70. Qf1 Ng4+ 71. Kh1 Nh6 0-1

[Event "Copa ENTEL"]
[Site "Santiago CHI"]
[Date "2004.03.27"]
[Round "10"]
[White "Rodriguez,And URU"]
[Black "Zambrana,O"]
[Result "1-0"]
[WhiteElo "2485"]
[BlackElo "2404"]
[EventDate "2004.03.22"]

1. e4 c5 2. Nc3 Nc6 3. g3 g6 4. Bg2 Bg7 5. d3 d6 6. f4 e6 7. Nf3 Nge7 8.
O-O O-O 9. Be3 Nd4 10. e5 Nef5 11. Bf2 Nxf3+ 12. Bxf3 dxe5 13. fxe5 Bxe5
14. Bxc5 Bd4+ 15. Bxd4 Qxd4+ 16. Rf2 Bd7 17. Ne4 Ne3 18. Qd2 f5 19. c3 Qb6
20. Ng5 e5 21. d4 exd4 22. cxd4 Rae8 23. Re1 f4 24. gxf4 Nf5 25. Bd5+ Kg7
26. Rfe2 Rxe2 27. Rxe2 Bc8 28. Nf3 Rd8 29. Re5 Rd6 30. Qc3 Bd7 31. Qc5 Bc6
32. Qxb6 axb6 33. Bxc6 bxc6 34. Re4 Kf6 35. Kf2 Rd7 36. Ke2 Nd6 37. Re3 Ra7
38. a3 Nc4 39. Rc3 Nxb2 40. Rxc6+ Kf5 41. Rxb6 Nc4 42. Rc6 Ra4 43. d5 Nxa3
44. d6 Ra7 45. Rc7 Nb5 46. Rc5+ 1-0

[Event "Copa ENTEL"]
[Site "Santiago CHI"]
[Date "2004.03.27"]
[Round "10"]
[White "Velasquez,C"]
[Black "Valenzuela Fuentealba,L"]
[Result "0-1"]
[WhiteElo "2359"]
[BlackElo "2418"]
[EventDate "2004.03.22"]

1. e4 c5 2. Nf3 d6 3. d4 cxd4 4. Nxd4 Nf6 5. Nc3 a6 6. Bg5 e6 7. f4 Qb6 8.
Qd2 Qxb2 9. Rb1 Qa3 10. e5 dxe5 11. fxe5 Nfd7 12. Ne4 Qxa2 13. Rb3 Qa4 14.
Be2 Nc6 15. Nxe6 fxe6 16. Nf6+ gxf6 17. exf6 Kd8 18. Be3 Kc7 19. O-O Bc5
20. Kh1 Bxe3 21. Rxe3 Nc5 22. c4 Qb4 23. Qc1 Bd7 24. Rg3 Raf8 0-1

[Event "Copa ENTEL"]
[Site "Santiago CHI"]
[Date "2004.03.29"]
[Round "11"]
[White "Valenzuela Fuentealba,L"]
[Black "Llorens,M"]
[Result "1/2-1/2"]
[WhiteElo "2418"]
[BlackElo "2384"]
[EventDate "2004.03.22"]

1. d4 Nf6 2. c4 c5 3. d5 b5 4. cxb5 a6 5. b6 d6 6. Nc3 g6 7. e4 Bg7 8. a4
a5 9. Bb5+ Nfd7 10. f4 O-O 11. Nf3 Nxb6 12. O-O Na6 13. Qe1 Nb4 14. Qh4 e6
15. dxe6 fxe6 16. Qg3 Qe7 17. f5 exf5 18. Bf4 Rd8 1/2-1/2

[Event "Copa ENTEL"]
[Site "Santiago CHI"]
[Date "2004.03.29"]
[Round "11"]
[White "Zambrana,O"]
[Black "Velasquez,C"]
[Result "1-0"]
[WhiteElo "2404"]
[BlackElo "2359"]
[EventDate "2004.03.22"]

1. e4 c5 2. Nf3 d6 3. d4 cxd4 4. Nxd4 Nf6 5. Nc3 a6 6. Bc4 e6 7. Bb3 Nbd7
8. f4 Nc5 9. O-O Be7 10. e5 dxe5 11. fxe5 Nxb3 12. axb3 Nd7 13. Qh5 O-O 14.
Be3 g6 15. Qe2 Nxe5 16. Rad1 Qc7 17. Bf4 f6 18. Kh1 Bd7 19. Rfe1 1-0

[Event "Copa ENTEL"]
[Site "Santiago CHI"]
[Date "2004.03.29"]
[Round "11"]
[White "Leitao,R"]
[Black "Panno,O"]
[Result "1-0"]
[WhiteElo "2566"]
[BlackElo "2485"]
[EventDate "2004.03.22"]

1. e4 c5 2. Nf3 d6 3. d4 cxd4 4. Nxd4 Nf6 5. Nc3 a6 6. Bc4 e6 7. Bb3 Nbd7
8. Bg5 Nc5 9. f4 Be7 10. Qf3 Qc7 11. O-O b5 12. f5 b4 13. fxe6 bxc3 14. Nf5
Nxb3 15. Nxg7+ Kd8 16. cxb3 Qc5+ 17. Be3 Qb5 18. Bd4 cxb2 19. Bxb2 Ne8 20.
Nf5 fxe6 21. Nxe7 e5 22. Qh5 Be6 23. Qh4 Kc7 24. Ng6 Rg8 25. Rac1+ Kb7 26.
Nf8 1-0

[Event "Copa ENTEL"]
[Site "Santiago CHI"]
[Date "2004.03.29"]
[Round "11"]
[White "Cubas,Jo"]
[Black "Arancibia,E"]
[Result "1/2-1/2"]
[WhiteElo "2394"]
[BlackElo "2405"]
[EventDate "2004.03.22"]

1. e4 c5 2. Nf3 e6 3. d4 cxd4 4. Nxd4 Nc6 5. Nc3 a6 6. Be3 Qc7 7. Bd3 Nf6
8. O-O Nxd4 9. Bxd4 Bc5 10. Bxc5 Qxc5 11. Qd2 O-O 12. Rae1 d6 13. Kh1 b5
14. a3 Bb7 15. f4 Rad8 16. e5 Nd7 17. b4 Qb6 18. Qe2 g6 19. Ne4 Bxe4 20.
Qxe4 Rc8 21. exd6 Qxd6 22. c4 Nf6 23. Qe2 bxc4 24. Bxc4 a5 25. bxa5 Qxa3
26. Ra1 Qc5 27. Qe5 Qxe5 28. fxe5 Nd7 29. Be2 Nxe5 30. a6 Rc2 31. Rfb1 Kg7
32. Bf1 Ra8 33. g3 Ra7 34. Rb7 Rxb7 35. axb7 Rb2 36. Bg2 Nd7 37. h3 Nc5 38.
Ra8 Nxb7 39. Rb8 Rb3 40. Rxb7 Rxg3 41. Kg1 g5 42. Kf2 Rc3 43. Bf3 Kg6 44.
h4 gxh4 45. Rb4 f5 46. Rxh4 e5 47. Ra4 Kg5 48. Rb4 h5 49. Rb8 h4 50. Rh8
Rc2+ 51. Be2 e4 52. Rh5+ 1/2-1/2